000 00689cam a2200205 4500
001 WB3641-26
008 000000n2000 000 0 eng u
035 _a(Sirsi) u108874
245 _aMembership offer to IBC
260 _c2000
490 _aRICS Press Release
_v(pr118) 18 October 2000 (2)
520 _aRICS confirms that the membership offer to members of the Institute of Building Control (IBC) will go ahead. Subject to an EGM of IBC members on 19 October 2000, IBC members will join the RICS on 1 January 2001.
590 _aWB
650 _aINSTITUTE OF BUILDING CONTROL
650 _aRICS
650 _aIBC
650 _aMERGERS
690 _aRICS NEWS
942 _n0
999 _c64995
_d64995